Rig Veda apoisukta; adhyayan aur vyakhya (Record no. 230371)

MARC details
000 -LEADER
fixed length control field 00380nam a2200145Ia 4500
008 - FIXED-LENGTH DATA ELEMENTS--GENERAL INFORMATION
fixed length control field 230917s9999||||xx |||||||||||||| ||und||
040 ## - CATALOGING SOURCE
-- 152748
Original cataloging agency VIVEKANANDA LIBRARY
041 ## - Language
-- English
082 ## - DDC NUMBER
Classification number 294.12 T543R
100 ## - MAIN ENTRY--PERSONAL NAME
Personal name Tiwari, Shashi
245 #0 - TITLE STATEMENT
Title Rig Veda apoisukta; adhyayan aur vyakhya
260 ## - PUBLICATION, DISTRIBUTION, ETC. (IMPRINT)
Place of publication, distribution, etc Varanshi
Name of publisher, distributor, etc Bharatiya Vidya Prakashan
Date of publication, distribution, etc 1981
300 ## - PHYSICAL DESCRIPTION
Pages 344 p.
942 ## - ADDED ENTRY ELEMENTS (KOHA)
Koha item type Books
Holdings
Withdrawn status Lost status Damaged status Not for loan Location (home branch) Sublocation or collection (holding branch) Date acquired Koha issues (times borrowed) Koha full call number Accession No. Koha date last seen Koha item type
        VIVEKANANDA LIBRARY VIVEKANANDA LIBRARY 09/04/2010 1 294.12 T543R 98630 15/05/2025 Books
© Designed and Maintained by Vivekananda Library, MDU Rohtak